Entry Nombre corporativo
001 - NÚMERO DE CONTROL
- campo de control: 89023
003 - IDENTIFICADOR DEL NÚMERO DE CONTROL
- campo de control: BNPHU
005 - FECHA Y HORA DE LA ÚLTIMA TRANSACCIÓN
- campo de control: 20260216114837.0
008 - DATOS DE LONGITUD FIJA
- campo de control de longitud fija: 260216|| aca||aabn | a|a d
010 ## - NÚMERO DE CONTROL DE LA BIBLIOTECA DEL CONGRESO
- Número de control de LC: sh 85021043
040 ## - FUENTE DE LA CATALOGACIÓN
- Centro catalogador/agencia de origen: DO-SdBNP
- Lengua de catalogación: spa
- Centro/agencia transcriptor: BNPHU
- Normas de descripción: rda
110 2# - ENCABEZAMIENTO-NOMBRE DE ENTIDAD CORPORATIVA
- Nombre de entidad corporativa o nombre de jurisdicción como elemento de entrada: Iglesia Católica
360 ## - REFERENCIA COMPLEJA DE VÉASE ADEMÁS-MATERIA
- Texto explicativo: la subdivisión
- Encabezamiento referido a: Iglesia Católica
- Texto explicativo: bajo temas, por ejemplo,
- Encabezamiento referido a: Asceticismo--Iglesia Católica
410 2# - TRAZADO DE VÉASE--NOMBRE DE ENTIDAD CORPORATIVA
- Nombre de entidad corporativa o nombre de jurisdicción como elemento de entrada: Catholic Church
410 2# - TRAZADO DE VÉASE--NOMBRE DE ENTIDAD CORPORATIVA
- Nombre de entidad corporativa o nombre de jurisdicción como elemento de entrada: Iglesia Católica Romana
410 2# - TRAZADO DE VÉASE--NOMBRE DE ENTIDAD CORPORATIVA
- Nombre de entidad corporativa o nombre de jurisdicción como elemento de entrada: Iglesia Católica Apostólica y Romana
450 ## - TRAZADO DE VÉASE--TÉRMINO DE MATERIA
- Término de materia o nombre geográfico como elemento de entrada: Catolicismo
550 ## - TRAZADO VÉASE ADEMÁS--TÉRMINO DE MATERIA
- Término de materia o nombre geográfico como elemento de entrada: Sectas cristianas
- Subcampo de control: g
550 ## - TRAZADO VÉASE ADEMÁS--TÉRMINO DE MATERIA
- Término de materia o nombre geográfico como elemento de entrada: Fascismo y la Iglesia Católica
- Subcampo de control: h
550 ## - TRAZADO VÉASE ADEMÁS--TÉRMINO DE MATERIA
- Término de materia o nombre geográfico como elemento de entrada: Mujeres en la Iglesia Católica
- Subcampo de control: h
670 ## - FUENTE DE DATOS ENCONTRADOS
- Cita de la fuente: Work cat.: (DO-SdBNP)14658: Sáez , José Luis 1937- 620, El vicario apostólico Santanchè /, 2009.
670 ## - FUENTE DE DATOS ENCONTRADOS
- Identificador Uniforme del Recurso: https://librunam.dgb.unam.mx:8443/F/12S8TPD3V3UPR3HX7IQY8FK5X2H18Y7EQRFS33I7FNGNV2J4R5-16479?func=full-set-set&set_number=006902&set_entry=000001&format=001 Consultado en 16 de Febrero, 2026
680 ## - NOTA GENERAL PÚBLICA
- Texto explicativo: Las subdivisiones usadas bajo Iglesia Católica también pueden ser usadas bajo
- Encabezamiento o término de subdivisión: Iglesia Católica--Rito ambrosiano; Iglesia Católica--Rito bizantino,
- Texto explicativo: etc.
681 ## - NOTA DE EJEMPLO DE TRAZADO DE MATERIA
- Texto explicativo: Ejemplo bajo
- Encabezamiento de materia o término de subdivisión: Sectas cristianas; Cristianismo
710 20 - ENTRADA DE ENLACE DE ENCABEZAMIENTO ESTABLECIDO--NOMBRE DE ENTIDAD CORPORATIVA
- Nombre de entidad corporativa o nombre de jurisdicción como elemento de entrada: Catholic Church
- Número de control del registro de autoridad o número normalizado: sh 85021043
